Motivácia zamestnancov a jej dopad na podnikovú kultúru vybraného podniku diplomová práca

Salvato in:
Dettagli Bibliografici
Autore principale: Dubovická, Michaela
Ente Autore: Obchodná fakulta EU. Katedra cestovného ruchu
Altri autori: Mura, Ladislav, 1979-
Natura: Libro
Lingua:slovacco
Pubblicazione: Bratislava 2025
Tags: Aggiungi Tag
Nessun Tag, puoi essere il primo ad aggiungerne!!

MARC

LEADER 00000nbm a2200000 4500
001 0310335
005 20251118105155.2
041 0 |a slo 
044 |a SK 
245 1 0 |a Motivácia zamestnancov a jej dopad na podnikovú kultúru vybraného podniku  |b diplomová práca  |c Michaela Dubovická ; školiteľ: Ladislav Mura 
264 1 |a Bratislava  |c 2025 
300 |a 82 s. 
100 1 |a Dubovická, Michaela 
700 1 |a Mura, Ladislav, 1979- 
710 2 |a Obchodná fakulta EU. Katedra cestovného ruchu